| 000 | 01117cam a2200217 4500 | ||
|---|---|---|---|
| 001 | WB3830-22 | ||
| 008 | 020814n2002 000 0 eng u | ||
| 035 | _a(Sirsi) u119327 | ||
| 245 | _aLivestock movement rules | ||
| 260 | _c2002 | ||
| 490 |
_aDEFRA News Release _v(328/02) 8 August 2002, (2) |
||
| 520 | _aDEFRA announces major changes to the livestock movements still in place after the foot and mouth outbreak. From the beginning of September sheep and cattle which go into a strict on-farm isolation facility for 20 days on arrival will not trigger a 20-day standstill on the rest of the farm. Government recognises that there is some risks associated in the relaxation of this restriction, but there are significant advantages for the farming industry if the burdens are lifted. For the DEFRA news release: http://www.defra.gov.uk/news/2002/020808b.htm | ||
| 590 | _aWB | ||
| 650 | _aLIVESTOCK MOVEMENT | ||
| 650 | _aNATIONAL UNION OF FARMERS | ||
| 650 | _aFOOT-AND-MOUTH DISEASE | ||
| 650 | _aFARMING INDUSTRY | ||
| 650 | _aFARM ECONOMY | ||
| 690 | _aRURAL-AGRICULTURE AND FORESTRY | ||
| 942 | _n0 | ||
| 999 |
_c70947 _d70947 |
||